Principais cátions e ânions - Statistics

Estatísticas Gerais
  • Esse quiz foi jogado 20 vezes
  • A pontuação média é 17 de 33
Estatísticas das Respostas
Hint Resposta % Correto
NH4 + Amônio
91%
Fe +2 Ferro II; Ferroso
91%
Br - Brometo
82%
Cu + Cobre I; Cuproso
82%
Cu +2 Cobre II; Cúprico
82%
Fe +3 Ferro III; Férrico
82%
NO3 - Nitrato
82%
S -2 Sulfeto
82%
Cl - Cloreto
73%
I - Iodeto
73%
SO4 -2 Sulfato
73%
CN - Cianeto
64%
F - Fluoreto
64%
NO2 - Nitrito
64%
SO3 -2 Sulfito
64%
CO3 -2 Carbonato
55%
PO4 -3 Fosfato
55%
BO3 -3 Borato
45%
ClO3 - Clorato
45%
CrO4 -2 Cromato
45%
MnO4 - Permanganato
45%
CH3COO - Acetato
36%
ClO2 - Clorito
36%
HPO3 -2 Fosfito
36%
ClO - Hipoclorito
36%
SiO4 -4 Silicato
36%
HCO3 - Bicarbonato
27%
Cr2O7 -2 Dicromato
27%
ClO4 - Perclorato
27%
CNO - Cianato
9%
H2PO2 - Hipofosfito
9%
C2O4 -2 Oxalato
9%
P2O7 -4 Pirofosfato
0%
Nenhum quiz correspondente encontrado
Distribuição das Pontuações
Porcentagem de Pessoas com Cada Pontuação
Percentil de Números Respondidos
Sua Pontuação Histórica
Você não jogou esse quiz